<?xml version="1.0" encoding="UTF-8"?>
<record
    xmlns:xsi="http://www.w3.org/2001/XMLSchema-instance"
    xsi:schemaLocation="http://www.loc.gov/MARC21/slim http://www.loc.gov/standards/marcxml/schema/MARC21slim.xsd"
    xmlns="http://www.loc.gov/MARC21/slim">

  <leader>02953nam a2200457   4500</leader>
  <controlfield tag="001">27403</controlfield>
  <controlfield tag="003">Biblioteca APEC</controlfield>
  <controlfield tag="005">20251014103517.0</controlfield>
  <controlfield tag="008">000000t2014    dr ||||| |||| 00| 0 spa d</controlfield>
  <datafield tag="040" ind1=" " ind2=" ">
    <subfield code="c">Biblioteca UNAPEC</subfield>
    <subfield code="a">Biblioteca UNAPEC</subfield>
    <subfield code="b">spa</subfield>
    <subfield code="e">rda</subfield>
  </datafield>
  <datafield tag="041" ind1=" " ind2=" ">
    <subfield code="a">spa</subfield>
  </datafield>
  <datafield tag="072" ind1=" " ind2=" ">
    <subfield code="a">Facultad de Humanidades</subfield>
  </datafield>
  <datafield tag="090" ind1=" " ind2=" ">
    <subfield code="a">TPG-CI MAS-10 2014</subfield>
  </datafield>
  <datafield tag="100" ind1="1" ind2=" ">
    <subfield code="a">Guti&#xE9;rrez Almanzar, Edickson Antonio</subfield>
    <subfield code="9">96645</subfield>
    <subfield code="e">autor</subfield>
  </datafield>
  <datafield tag="245" ind1="1" ind2="0">
    <subfield code="a">Estrategia para la identificaci&#xF3;n y la aplicaci&#xF3;n de las ecuaciones diferenciales para la resoluci&#xF3;n de circuitos el&#xE9;ctricos /</subfield>
    <subfield code="c">Edickson Antonio Guti&#xE9;rrez Almanzar ; Asesor : Francesco Semerari</subfield>
  </datafield>
  <datafield tag="260" ind1=" " ind2=" ">
    <subfield code="a">Santo Domingo, DO :</subfield>
    <subfield code="b">Universidad APEC,</subfield>
    <subfield code="c">2014</subfield>
  </datafield>
  <datafield tag="300" ind1=" " ind2=" ">
    <subfield code="a">83 hojas</subfield>
  </datafield>
  <datafield tag="336" ind1=" " ind2=" ">
    <subfield code="a">Texto</subfield>
    <subfield code="b">txt</subfield>
    <subfield code="2">rdacontent</subfield>
  </datafield>
  <datafield tag="337" ind1=" " ind2=" ">
    <subfield code="a">sin mediaci&#xF3;n</subfield>
    <subfield code="b">n</subfield>
    <subfield code="2">rdamedia</subfield>
  </datafield>
  <datafield tag="338" ind1=" " ind2=" ">
    <subfield code="a">volumen</subfield>
    <subfield code="b">nc</subfield>
    <subfield code="2">rdacarrier</subfield>
  </datafield>
  <datafield tag="500" ind1=" " ind2=" ">
    <subfield code="a">CAMPUS I</subfield>
  </datafield>
  <datafield tag="500" ind1=" " ind2=" ">
    <subfield code="a">Tesis en Formato PDF.
Tesis en Formato Electr&#xF3;nico.
Tesis en Formato Digital.</subfield>
  </datafield>
  <datafield tag="502" ind1=" " ind2=" ">
    <subfield code="a">Tesis (Maestr&#xED;a en Matem&#xE1;tica Superior) - Universidad APEC, 2014</subfield>
  </datafield>
  <datafield tag="505" ind1=" " ind2=" ">
    <subfield code="a">MARCO HISTORICO - CULTURAL Y CONCEPTUALIZACION DE LAS ECUACIONES DIFERENCIALES
-Descripci&#xF3;n hist&#xF3;rica de las ecuaciones diferenciales
-Marco conceptual
-Concepto de ecuaci&#xF3;n diferencial
-Ecuaciones diferenciales ordinarias del segundo orden
-Ecuaciones diferenciales lineales no homog&#xE9;neas del segundo orden (a coeficiente contante)
CIRCUITOS ELECTRICOS Y ELEMENTOS
-Rese&#xF1;a hist&#xF3;rica de los circuitos el&#xE9;ctricos
-Concepto de circuito el&#xE9;ctrico
-Elementos f&#xED;sicos de un circuito el&#xE9;ctrico
-Magnitudes f&#xED;sicas que se presentan en los circuitos el&#xE9;ctricos
-Ley de Ohm
-Leyes de Kirchhoff
-Tipos de circuitos el&#xE9;ctricos
IDENTIFICACION Y APLICACION DE LAS ECUACIONES DIFERENCIALES A CIRCUITOS ELECTRICOS
-Circuito el&#xE9;ctrico inductivo
-Circuito el&#xE9;ctrico capacitivo
-Circuito RL con excitaci&#xF3;n
-Las respuestas natural y forzada del circuito RL
-Circuito RC serie con excitaci&#xF3;n
-El circuito RLC en serie sin fuente
Conclusiones generales
Recomendaciones</subfield>
  </datafield>
  <datafield tag="650" ind1=" " ind2=" ">
    <subfield code="a">Ecuaciones diferenciales</subfield>
    <subfield code="9">96646</subfield>
  </datafield>
  <datafield tag="650" ind1=" " ind2=" ">
    <subfield code="a">Ecuaciones diferenciales</subfield>
    <subfield code="x">-Soluciones num&#xE9;ricas</subfield>
    <subfield code="9">66422</subfield>
  </datafield>
  <datafield tag="650" ind1=" " ind2=" ">
    <subfield code="a">Ecuaciones diferenciales lineales</subfield>
    <subfield code="x">-Soluciones num&#xE9;ricas</subfield>
    <subfield code="9">96647</subfield>
  </datafield>
  <datafield tag="650" ind1=" " ind2=" ">
    <subfield code="a">Analizadores diferenciales electr&#xF3;nicos</subfield>
    <subfield code="9">96648</subfield>
  </datafield>
  <datafield tag="650" ind1=" " ind2=" ">
    <subfield code="a">&#xC1;lgebra diferencial</subfield>
    <subfield code="9">20867</subfield>
  </datafield>
  <datafield tag="650" ind1=" " ind2=" ">
    <subfield code="a">An&#xE1;lisis num&#xE9;rico</subfield>
    <subfield code="9">96649</subfield>
  </datafield>
  <datafield tag="650" ind1=" " ind2=" ">
    <subfield code="a">Circuitos el&#xE9;ctricos</subfield>
    <subfield code="9">96650</subfield>
  </datafield>
  <datafield tag="650" ind1=" " ind2=" ">
    <subfield code="a">An&#xE1;lisis de circuitos el&#xE9;ctricos</subfield>
    <subfield code="9">21413</subfield>
  </datafield>
  <datafield tag="650" ind1=" " ind2=" ">
    <subfield code="a">An&#xE1;lisis de redes el&#xE9;ctricas</subfield>
    <subfield code="9">28514</subfield>
  </datafield>
  <datafield tag="650" ind1=" " ind2=" ">
    <subfield code="a">Circuitos el&#xE9;ctricos</subfield>
    <subfield code="x">-Problemas, ejercicios, etc.</subfield>
    <subfield code="9">21152</subfield>
  </datafield>
  <datafield tag="650" ind1=" " ind2=" ">
    <subfield code="a">An&#xE1;lisis matem&#xE1;tico</subfield>
    <subfield code="9">96651</subfield>
  </datafield>
  <datafield tag="650" ind1=" " ind2=" ">
    <subfield code="a">Universidad APEC</subfield>
    <subfield code="x">-Tesis</subfield>
    <subfield code="9">96652</subfield>
  </datafield>
  <datafield tag="700" ind1="1" ind2=" ">
    <subfield code="a">Semerari, Francesco</subfield>
    <subfield code="9">86387</subfield>
    <subfield code="e">asesor</subfield>
  </datafield>
  <datafield tag="856" ind1=" " ind2=" ">
    <subfield code="u">https://bibliotecaunapec.blob.core.windows.net/tesis/TPG_CI_MAS_10_2014_TPG150157.pdf</subfield>
    <subfield code="y">Hacer clic para ver el PDF (11.5 MB). Trabajo de posgrado.</subfield>
  </datafield>
  <datafield tag="912" ind1=" " ind2=" ">
    <subfield code="a">AJRP</subfield>
  </datafield>
  <datafield tag="942" ind1=" " ind2=" ">
    <subfield code="2">ddc</subfield>
    <subfield code="c">TES</subfield>
  </datafield>
  <datafield tag="999" ind1=" " ind2=" ">
    <subfield code="c">14153</subfield>
    <subfield code="d">14153</subfield>
  </datafield>
</record>
